00601nam a22001937a 450000500170000001000150001702000260003203500140005803700090007208200130008110000190009424500940011325000060020726000430021327000720025630000200032870000280034870000310037620250804141449.0 aENG-146295 a9789361631153c250.00 aEN-129827 bDBAD a005.821 aB.Rasina Begum aData And Information Security/cB. Rasina Begum; T. Sheik Yousuf [and] B. Syed Rasiyammal a1 aTamil NadubShanlax Publicationsc2024 a61,66 T.P.K Main Road, Vasantha Nagar, MaduraibTamil Nadue625003  a118p.c25cm(pb) aT. Sheik YousufeAuthor aB. Syed RasiyammaleAuthor